Pokémon - Fotodex (New Pokémon Snap) - Statistiken

Allgemein
  • Dieses Quiz wurde 27 mal gespielt
  • Das Durchschnittsergebnis liegt bei 145 aus 234
Antwortstatistiken
Nr. Pokémon % Korrekt
052 Bisaflor
100%
149 Glumanda
100%
150 Glurak
100%
070 Bisasam
90%
198 Blitza
90%
136 Despotar
90%
152 Flamara
90%
020 Karpador
90%
212 Nachtara
90%
103 Pelipper
90%
077 Psiana
90%
217 Relaxo
90%
099 Schiggy
90%
100 Turtok
90%
106 Aquana
80%
086 Blubella
80%
029 Evoli
80%
059 Folipurba
80%
173 Frosdedje
80%
181 Glaziola
80%
041 Griffel
80%
021 Hoothoot
80%
201 Hundemon
80%
101 Lapras
80%
121 Lugia
80%
140 Luxtra
80%
102 Mantax
80%
137 Onix
80%
094 Perlu
80%
002 Pichu
80%
030 Pikachu
80%
096 Raichu
80%
068 Sen-Long
80%
065 Sesokitz
80%
104 Wailord
80%
080 Wingull
80%
214 Xerneas
80%
138 Altaria
70%
045 Arbok
70%
049 Ariados
70%
113 Baldorfish
70%
092 Corasonn
70%
199 Diancie
70%
225 Digda
70%
083 Drifzepeli
70%
188 eF-eM
70%
220 Enton
70%
026 Feelinara
70%
172 Firnontor
70%
023 Florges
70%
223 Garados
70%
187 Gengar
70%
190 Glibunkel
70%
129 Grypheldis
70%
153 Ho-Oh
70%
004 Hopplo
70%
183 Iksbat
70%
218 Impergator
70%
087 Iscalar
70%
185 Kleinstein
70%
072 Knapfel
70%
066 Kronjuwild
70%
112 Lumineon
70%
122 Lusardin
70%
089 Machomei
70%
162 Mamutel
70%
107 Manaphy
70%
028 Meganie
70%
060 Mew
70%
079 Milotic
70%
144 Monargoras
70%
055 Morlord
70%
036 Ohrdoch
70%
015 Piccolente
70%
161 Quiekel
70%
148 Qurtel
70%
032 Scoppel
70%
175 Seemops
70%
084 Sengo
70%
027 Shaymin
70%
139 Sheinux
70%
232 Smogon
70%
159 Snibunna
70%
200 Stahlos
70%
056 Sumpex
70%
016 Swaroness
70%
006 Tauboss
70%
120 Tectass
70%
115 Tentoxa
70%
098 Tohaido
70%
061 Trombork
70%
206 UHaFnir
70%
085 Vipitis
70%
111 Wielie
70%
193 Zobiris
70%
204 Absol
60%
017 Bidiza
60%
005 Bisofank
60%
033 Bissbark
60%
167 Botogel
60%
050 Bubungus
60%
229 Castellith
60%
078 Celebi
60%
231 Cerapendra
60%
019 Chelterrar
60%
003 Chimpep
60%
022 Curelei
60%
014 Dodri
60%
054 Felino
60%
093 Finneon
60%
132 Flemmli
60%
197 Flunkifer
60%
105 Garstella
60%
177 Gelatwino
60%
145 Georok
60%
074 Guardevoir
60%
135 Hippoterus
60%
064 Kecleon
60%
053 Kleoparda
60%
082 Krabbox
60%
051 Letarking
60%
127 Libelldra
60%
076 Loturzel
60%
109 Mamolida
60%
035 Mauzi
60%
209 Megalon
60%
058 Memmeon
60%
130 Meteno
60%
039 Mogelbaum
60%
169 Mottineva
60%
142 Panpyro
60%
044 Papinella
60%
047 Peppeck
60%
156 Petznief
60%
013 Pinsir
60%
119 Quabbel
60%
154 Ramoth
60%
186 Rocara
60%
174 Rossana
60%
131 Salanga
60%
147 Schneckmag
60%
171 Schneppke
60%
157 Siberio
60%
012 Skaraborn
60%
168 Snomnom
60%
063 Tengulist
60%
195 Trikephalo
60%
048 Tukanon
60%
124 Tuska
60%
196 Viscogon
60%
001 Vivillon
60%
075 Vulnona
60%
110 Wailmer
60%
009 Waumpel
60%
155 Wiesenior
60%
134 Wolwerock
60%
031 Wommel
60%
114 Wummer
60%
234 Zeraora
60%
143 Aerodactyl
50%
146 Aeropteryx
50%
180 Amagarga
50%
178 Arktilas
50%
202 Cottomi
50%
040 Dedenne
50%
133 Elezard
50%
008 Emolga
50%
067 Fasasnob
50%
141 Fiaro
50%
228 Floink
50%
090 Flunschlik
50%
042 Frubberl
50%
210 Golgantes
50%
088 Gufa
50%
189 Irrbis
50%
179 Jugong
50%
128 Kangama
50%
126 Knacklion
50%
081 Kokowei
50%
073 Kosturso
50%
010 Kramurx
50%
170 Krawell
50%
116 Lampi
50%
117 Lanturn
50%
057 Ledian
50%
108 Liebiskus
50%
158 Magnayen
50%
203 Natu
50%
091 Octillery
50%
069 Pam-Pam
50%
192 Piepi
50%
176 Plinfa
50%
062 Psiau
50%
037 Rattfratz
50%
165 Rexblisar
50%
043 Safcon
50%
164 Sandamer
50%
097 Sankabuh
50%
233 Schlukwech
50%
071 Serpiroyal
50%
034 Staralili
50%
118 Starmie
50%
182 Suicune
50%
208 Symvolara
50%
007 Tangoloss
50%
151 Tornupto
50%
219 Tropius
50%
038 Unratütox
50%
166 Vulpix
50%
024 Wadribie
50%
184 Wattzapf
50%
227 Amfira
40%
191 Driftlon
40%
025 Honweisel
40%
213 Jirachi
40%
215 Knilz
40%
205 Molunk
40%
163 Panzaeron
40%
224 Pii
40%
095 Primarene
40%
194 Rameidon
40%
011 Raupy
40%
222 Rotomurf
40%
125 Sandan
40%
230 Skorgro
40%
216 Tarnpignon
40%
160 Washakwil
40%
226 Wuffels
40%
207 Fleknoil
30%
123 Pionskora
30%
018 Schwalbini
30%
211 Skelabra
30%
221 Ursaring
30%
046 Yanmega
30%
Keine übereinstimmenden Quizze gefunden
Verteilung der Resultate
Anzahl Personen mit jedem Resultat
Perzentil nach korrekt beantworteten Fragen
Ihre Resultats-Entwicklung
Sie haben dieses Quiz noch nicht gespielt